000 00561nam a2200121Ia 4500
008 220620s9999||||xx |||||||||||||| ||und||
100 _aDongfang Yang
245 0 _aApplications of Laser Ablation - Thin Film Deposition, Nanomaterial Synthesis and Surface Modification
546 _aEnglish[eng]
650 _aPhysical Sciences||Engineering and Technology||Optoelectronics||Physics||Optics and Lasers
856 _uhttps://www.intechopen.com/books/applications-of-laser-ablation-thin-film-deposition-nanomaterial-synthesis-and-surface-modification
942 _cEB
999 _c23350
_d23350